Advertisements and their multifold dimensions / (Record no. 143596)

MARC details
000 -LEADER
fixed length control field 00592nam a22001817a 4500
005 - DATE AND TIME OF LATEST TRANSACTION
control field 20170821161355.0
010 ## - LCCN (DPL NO)
LC control number ENG-119960
020 ## - INTERNATIONAL STANDARD BOOK NUMBER
International Standard Book Number 9789384782566
Terms of availability 900.00
035 ## - SYSTEM CONTROL NUMBER
System control number EN-103492
037 ## - SOURCE OF ACQUISITION
Source of stock number/acquisition DBAD/PUB
082 ## - DEWEY DECIMAL CLASSIFICATION NUMBER
Classification number 659.1
245 ## - TITLE STATEMENT
Title Advertisements and their multifold dimensions /
Statement of responsibility, etc edited by Yash Spriha
260 ## - PUBLICATION, DISTRIBUTION, ETC. (IMPRINT)
Place of publication, distribution, etc Delhi
Name of publisher, distributor, etc Disha International Publishing House
Date of publication, distribution, etc 2016
270 ## - ADDRESS
Address F-7, Gali No. 1, Panchsheel Garden Ext. Naveen Shahdra,
City Delhi
Postal code 1100032
300 ## - PHYSICAL DESCRIPTION
Extent xv, 236p.
Dimensions 22cm(Hb)
700 ## - ADDED ENTRY--PERSONAL NAME
Personal name Yasha Spriha
942 ## - ADDED ENTRY ELEMENTS (KOHA)
Source of classification or shelving scheme Dewey Decimal Classification
Item type English Books
Classification part 659.1
Call number suffix ADV
Holdings
Withdrawn status Lost status Not for loan Collection code Home library Current library Date acquired Source of acquisition Cost, normal purchase price Full call number Barcode Copy number Cost, replacement price Koha item type
      Non-fiction Diz Area Diz Area 21/08/2017 DBAD/PUB 900.00 659.1 ADV EN-103492 1 900.00 English Books

© Delhi Public Library
Hit Counter
free hit counter